| 000 | 00639nab a2200217 a 4500 | ||
|---|---|---|---|
| 005 | 20210219160410.0 | ||
| 008 | 991125s1985 mx 000 0 spa u | ||
| 035 | _aUPN01000164848 | ||
| 100 | 1 | _aHernández Martínez, Francisco | |
| 222 | _aREVISTA DE CIENCIAS DE LA EDUCACION | ||
| 245 | _aAsesoramiento y asesores/as de formación | ||
| 260 | _aMadrid, España | ||
| 300 | _a341-363 | ||
| 362 | 0 | _a2007 No. 211, jul.-sept. | |
| 653 | 0 | _aASESORIA | |
| 653 | 0 | _aASESORES | |
| 653 | 0 | _aEDUCACION PERMANENTE | |
| 700 | 1 | _aLorenzo Delgado, Manuel, coaut. | |
| 700 | 1 | _aPeñafiel Martínez, Fernando, coaut. | |
| 905 | _aArticulo | ||
| 999 |
_c136960 _d136960 |
||